[Event "Tashkent UzChess Masters playoff1"]
[Site "Tashkent"]
[Date "2025.06.27"]
[Round "6"]
[White "Praggnanandhaa, Rameshbabu"]
[Black "Sindarov, Javokhir"]
[Result "1-0"]
[WhiteElo "2767"]
[BlackElo "2710"]
[PlyCount "75"]
[EventDate "2025.06.27"]
[EventType "tourn (blitz)"]
[EventRounds "6"]
[EventCountry "UZB"]
[EventCategory "20"]
[SourceTitle "CB27_2025"]
[SourceDate "2025.07.02"]
[SourceVersion "1"]
[SourceVersionDate "2025.07.02"]
[SourceQuality "1"]

1. d4 Nf6 2. Nf3 g6 3. c4 Bg7 4. Nc3 0-0 5. e4 d6 6. h3 Qe8 7. Be3 e5 8. d5 Nh5 9. Qc2 a5 10. 0-0-0 Na6 11. a3 Bd7 12. Kb1 f5 13. exf5 gxf5 14. g4 Nf4 15. Bxf4 exf4 16. Bd3 Nc5 17. Bxf5 Bxf5 18. gxf5 Qh5 19. Nd4 Bxd4 20. Rxd4 Qxf5 21. Rg1+ Kh8 22. Rg4 f3 23. Qxf5 Rxf5 24. Kc2 a4 25. Ne4 Re8 26. Nxc5 Re2+ 27. Rd2 dxc5 28. Kd1 Rfe5 29. Rxe2 Rxe2 30. Rf4 Rxf2 31. Ke1 Rxb2 32. Rf7 b5 33. Rxc7 Re2+ 34. Kf1 b4 35. d6 Rd2 36. d7 bxa3 37. Rc8+ Kg7 38. d8Q 1-0

[Event "WchT Blitz Pool C"]
[Site "London"]
[Date "2025.06.14"]
[Round "3.1"]
[White "Momunaliev, Ruslan"]
[Black "Sindarov, Javokhir"]
[Result "0-1"]
[WhiteElo "2214"]
[BlackElo "2710"]
[PlyCount "52"]
[EventDate "2025.06.14"]
[EventType "team-tourn"]
[EventRounds "13"]
[EventCountry "ENG"]
[SourceTitle "CB25_2025"]
[SourceDate "2025.06.18"]
[SourceVersion "1"]
[SourceVersionDate "2025.06.18"]
[SourceQuality "1"]
[WhiteTeam "KYR Youth"]
[BlackTeam "Uzbekistan"]
[WhiteTeamCountry "KGZ"]
[BlackTeamCountry "UZB"]

1. e4 e5 2. Nf3 Nc6 3. g3 g6 4. Bg2 Bg7 5. 0-0 Nge7 6. d3 0-0 7. c4 d6 8. Nc3 h6 9. Nd5 f5 10. exf5 Nxf5 11. Nd2 Ncd4 12. Ne3 c6 13. b3 Be6 14. Bb2 Qd7 15. Ne4 Nxe3 16. fxe3 Bg4 17. Qd2 Nf3+ 18. Bxf3 Bxf3 19. Nf2 h5 20. e4 c5 21. Nd1 Rf7 22. Ne3 Bh6 23. Rf2 Raf8 24. Raf1 h4 25. Qe1 hxg3 26. hxg3 Qh3 0-1

[Event "WchT Blitz Pool C"]
[Site "London"]
[Date "2025.06.14"]
[Round "8.2"]
[White "Norwood, David"]
[Black "Sindarov, Javokhir"]
[Result "0-1"]
[WhiteElo "2494"]
[BlackElo "2710"]
[PlyCount "85"]
[EventDate "2025.06.14"]
[EventType "team-tourn"]
[EventRounds "13"]
[EventCountry "ENG"]
[SourceTitle "CB25_2025"]
[SourceDate "2025.06.18"]
[SourceVersion "1"]
[SourceVersionDate "2025.06.18"]
[SourceQuality "1"]
[WhiteTeam "e-therapeutics"]
[BlackTeam "Uzbekistan"]
[WhiteTeamCountry "ENG"]
[BlackTeamCountry "UZB"]

1. g3 Nf6 2. Bg2 g6 3. Nf3 c5 4. 0-0 Bg7 5. c4 Nc6 6. Nc3 d6 7. d3 0-0 8. a3 a6 9. Rb1 Rb8 10. b4 cxb4 11. axb4 b5 12. cxb5 axb5 13. Bg5 h6 14. Bxf6 Bxf6 15. Qd2 Bg7 16. Rfc1 Bd7 17. d4 Qb6 18. Nd5 Qd8 19. e3 e6 20. Nc3 Ne7 21. Ne4 Bc6 22. Ne1 Qd7 23. Nc3 Rfc8 24. Bxc6 Rxc6 25. Nd3 Rbc8 26. Ne2 Nd5 27. Rxc6 Rxc6 28. Rc1 Rc4 29. Nb2 Rxc1+ 30. Nxc1 Qc6 31. Ncd3 g5 32. h3 f5 33. Kh2 Nf6 34. Qc1 Qd5 35. Qh1 Ne4 36. Qc1 Kh7 37. Nd1 Qb3 38. N1b2 h5 39. f3 Nf6 40. Qd1 Qc3 41. Qc1 Qxc1 42. Nxc1 Nd5 43. Nbd3 0-1

[Event "WchT Rapid"]
[Site "London"]
[Date "2025.06.12"]
[Round "7.2"]
[White "Vitiugov, Nikita"]
[Black "Sindarov, Javokhir"]
[Result "1/2-1/2"]
[WhiteElo "2590"]
[BlackElo "2668"]
[PlyCount "37"]
[EventDate "2025.06.11"]
[EventType "team-swiss"]
[EventRounds "12"]
[EventCountry "ENG"]
[SourceTitle "CB25_2025"]
[SourceDate "2025.06.18"]
[SourceVersion "1"]
[SourceVersionDate "2025.06.18"]
[SourceQuality "1"]
[WhiteTeam "Malcolm's Mates"]
[BlackTeam "Uzbekistan"]
[WhiteTeamCountry "ENG"]
[BlackTeamCountry "UZB"]

1. d4 Nf6 2. c4 e6 3. Nc3 d5 4. cxd5 exd5 5. Bg5 Be7 6. e3 0-0 7. Bd3 Re8 8. Nf3 h6 9. Bf4 c5 10. dxc5 Bxc5 11. 0-0 Nc6 12. Nb5 Nh5 13. Bc7 Qe7 14. Rc1 a6 15. Rxc5 Qxc5 16. Bd6 Qb6 17. Bc7 Qc5 18. Bd6 Qb6 19. Bc7 1/2-1/2

[Event "Titled Tuesday intern op 20th May Late"]
[Site "Chess.com INT"]
[Date "2025.05.20"]
[Round "3"]
[White "Mekhitarian, Krikor Sevag"]
[Black "Sindarov, Javokhir"]
[Result "1-0"]
[WhiteElo "2564"]
[BlackElo "2706"]
[PlyCount "87"]
[EventDate "2025.05.20"]
[EventType "swiss (blitz)"]
[EventRounds "11"]
[EventCountry "USA"]
[SourceTitle "CB22_2025"]
[SourceDate "2025.05.28"]
[SourceVersion "1"]
[SourceVersionDate "2025.05.28"]
[SourceQuality "1"]

1. Nf3 Nf6 2. c4 g6 3. Nc3 Bg7 4. e4 c5 5. d4 cxd4 6. Nxd4 d6 7. Be2 Nc6 8. Be3 0-0 9. 0-0 Bd7 10. Nc2 a5 11. Na3 a4 12. Nab5 Qa5 13. Rc1 Rfc8 14. h3 Nb4 15. a3 Nc6 16. f4 Qd8 17. Kh1 Na5 18. e5 Nh5 19. Bxh5 Nxc4 20. Bg1 gxh5 21. Qxh5 Bxb5 22. Nxb5 dxe5 23. fxe5 Nxe5 24. Rcd1 Qe8 25. Nd4 e6 26. Bh2 Nc4 27. Nf3 Ra5 28. Qh4 Ne3 29. Ng5 h6 30. Nxf7 Nxf1 31. Rxf1 Rf5 32. Rxf5 exf5 33. Nxh6+ Bxh6 34. Qxh6 Rc6 35. Qg5+ Qg6 36. Qd8+ Kh7 37. Qd7+ Kg8 38. Qxb7 Qe6 39. Qb8+ Kf7 40. Bf4 Qe4 41. Kh2 Rc2 42. Qa7+ Kg6 43. Qb6+ Kh5 44. Qh6# 1-0

[Event "Chess.com Classic Play In"]
[Site "Chess.com INT"]
[Date "2025.05.19"]
[Round "3"]
[White "Sindarov, Javokhir"]
[Black "Bologan, Viktor"]
[Result "1-0"]
[WhiteElo "2706"]
[BlackElo "2601"]
[PlyCount "121"]
[EventDate "2025.05.19"]
[EventType "swiss (blitz)"]
[EventRounds "9"]
[EventCountry "USA"]
[SourceTitle "CB21_2025"]
[SourceDate "2025.05.21"]
[SourceVersion "1"]
[SourceVersionDate "2025.05.21"]
[SourceQuality "1"]

1. e4 d6 2. d4 Nf6 3. Nc3 e5 4. dxe5 dxe5 5. Qxd8+ Kxd8 6. Bc4 Ke8 7. Nge2 c6 8. a4 Nbd7 9. f3 a5 10. Nd1 Nb6 11. Bd3 Be6 12. Bd2 Nfd7 13. Nc1 Bb4 14. Be2 Bxd2+ 15. Kxd2 Ke7 16. Nd3 Nc4+ 17. Kc1 b5 18. b3 Ncb6 19. N3b2 bxa4 20. Nxa4 Nxa4 21. Rxa4 Nb6 22. Ra3 a4 23. b4 Bc4 24. Bd3 Rhc8 25. Nb2 Be6 26. Kd2 c5 27. bxc5 Rxc5 28. Rb1 Kd6 29. Nd1 Kc6 30. Nc3 Nc4+ 31. Bxc4 Rxc4 32. Rba1 Rd8+ 33. Kc1 f5 34. Nxa4 fxe4 35. Nb2 Rb4 36. c3 Rb6 37. fxe4 Rf8 38. Nd3 Kd6 39. Ra6 Rf1+ 40. Kd2 Rxa1 41. Rxb6+ Ke7 42. Ke3 Rg1 43. Kf2 Rh1 44. h3 Rd1 45. Nxe5 Rc1 46. Rc6 Rc2+ 47. Kf3 h5 48. Ng6+ Kd7 49. Rc5 Kd6 50. Rxh5 Rxc3+ 51. Kf4 Rc2 52. Rg5 Bc4 53. Ne5 Bf1 54. Rg6+ Ke7 55. Rxg7+ Kf6 56. Rg6+ Ke7 57. Kf3 Be2+ 58. Kg3 Bf1 59. Kh2 Re2 60. Rg7+ Ke6 61. Nf3 1-0

[Event "Chess.com Classic Play In"]
[Site "Chess.com INT"]
[Date "2025.05.19"]
[Round "6"]
[White "Sindarov, Javokhir"]
[Black "Matlakov, Maxim"]
[Result "1-0"]
[WhiteElo "2706"]
[BlackElo "2626"]
[PlyCount "97"]
[EventDate "2025.05.19"]
[EventType "swiss (blitz)"]
[EventRounds "9"]
[EventCountry "USA"]
[SourceTitle "CB21_2025"]
[SourceDate "2025.05.21"]
[SourceVersion "1"]
[SourceVersionDate "2025.05.21"]
[SourceQuality "1"]

1. e4 c5 2. Nf3 d6 3. d4 cxd4 4. Nxd4 Nf6 5. Bd3 Nc6 6. Be3 Ng4 7. Nxc6 bxc6 8. Bd2 g6 9. Bc3 Nf6 10. e5 Nd5 11. Be4 Nxc3 12. Bxc6+ Bd7 13. Bxd7+ Qxd7 14. Nxc3 Bg7 15. exd6 Bxc3+ 16. bxc3 0-0 17. 0-0 exd6 18. Re1 Rac8 19. Qd4 Qf5 20. Qd2 Rfe8 21. h4 h5 22. Rxe8+ Rxe8 23. Rb1 a5 24. g3 Qe5 25. c4 a4 26. a3 Qe2 27. Qd3 Kg7 28. Rb4 Qxd3 29. cxd3 Re1+ 30. Kg2 Rd1 31. Rxa4 Rxd3 32. Ra6 Kf8 33. a4 Ke7 34. a5 Ra3 35. Ra7+ Ke6 36. a6 Ra4 37. Ra8 Kf5 38. a7 Ra3 39. f3 Ra2+ 40. Kf1 Kf6 41. Ke1 Ke7 42. Kd1 Ra4 43. Kd2 Ra3 44. Kc2 Ra1 45. g4 Ra3 46. g5 Ra1 47. Kc3 Ra4 48. f4 Ra1 49. f5 1-0

[Event "Titled Tuesday intern op 06th May Early"]
[Site "Chess.com INT"]
[Date "2025.05.06"]
[Round "2"]
[White "Sahakyan, Aleks"]
[Black "Sindarov, Javokhir"]
[Result "0-1"]
[WhiteElo "2405"]
[BlackElo "2706"]
[PlyCount "80"]
[EventDate "2025.05.06"]
[EventType "swiss (blitz)"]
[EventRounds "11"]
[EventCountry "USA"]
[SourceTitle "CB20_2025"]
[SourceDate "2025.05.14"]
[SourceVersion "1"]
[SourceVersionDate "2025.05.14"]
[SourceQuality "1"]

1. e4 c5 2. Nf3 e6 3. g3 d5 4. exd5 exd5 5. Bg2 Qe7+ 6. Qe2 Nc6 7. Nc3 Nf6 8. d3 Qxe2+ 9. Nxe2 Nb4 10. Kd1 h6 11. a3 Nc6 12. Re1 Be7 13. Bf4 Be6 14. Ne5 g5 15. Nxc6 bxc6 16. Be5 Rg8 17. h3 Kd7 18. Nc3 Ne8 19. Na4 Nc7 20. Kd2 Nb5 21. g4 Rae8 22. Rad1 f5 23. Kc1 fxg4 24. hxg4 Bxg4 25. f3 Be6 26. Rh1 Rg6 27. Rde1 Bd6 28. Bxd6 Kxd6 29. Bh3 Rf6 30. Bg4 Nc7 31. Ref1 Ref8 32. Re1 Bxg4 33. fxg4 Ne6 34. b4 cxb4 35. axb4 Rb8 36. c3 a5 37. bxa5 Rb5 38. Ref1 Rxf1+ 39. Rxf1 Rxa5 40. Nb2 Ra1+ 0-1

[Event "Titled Tuesday intern op 06th May Early"]
[Site "Chess.com INT"]
[Date "2025.05.06"]
[Round "9"]
[White "Sindarov, Javokhir"]
[Black "Tari, Aryan"]
[Result "1-0"]
[WhiteElo "2706"]
[BlackElo "2636"]
[PlyCount "103"]
[EventDate "2025.05.06"]
[EventType "swiss (blitz)"]
[EventRounds "11"]
[EventCountry "USA"]
[SourceTitle "CB20_2025"]
[SourceDate "2025.05.14"]
[SourceVersion "1"]
[SourceVersionDate "2025.05.14"]
[SourceQuality "1"]

1. e4 e5 2. Nf3 Nc6 3. Bc4 Nf6 4. Ng5 d5 5. exd5 Na5 6. Bb5+ c6 7. dxc6 bxc6 8. Bd3 Nd5 9. Nf3 Bd6 10. 0-0 Nf4 11. Nc3 Nxd3 12. cxd3 0-0 13. Ne4 c5 14. b3 Nc6 15. Ba3 Nb4 16. Bxb4 cxb4 17. Re1 Bc7 18. Rc1 Re8 19. Qc2 Bb6 20. Nc5 Bf5 21. Qc4 Rc8 22. Nxe5 Qf6 23. Nf3 Rxe1+ 24. Rxe1 Be6 25. Ne4 Qb2 26. Qxb4 Qxa2 27. Nd6 Bc5 28. Qf4 Bxd6 29. Qxd6 Qxb3 30. h4 h6 31. Qa6 Rc7 32. Nd4 Qb4 33. Nxe6 Qxd2 34. Re4 fxe6 35. Qxe6+ Kh7 36. Qf5+ g6 37. Qf3 Qc1+ 38. Kh2 Qc5 39. Re6 Rg7 40. Qe4 Qc7+ 41. g3 h5 42. d4 Qf7 43. Kg2 a5 44. d5 Qa7 45. d6 a4 46. Re7 Qa5 47. Rxg7+ Kxg7 48. Qe7+ Kh6 49. Qf8+ Kh7 50. Qf7+ Kh8 51. d7 Qa8+ 52. Kh2 1-0